Top Gear and Grand Tour Specials - Statistics

General Stats
  • This quiz has been taken 98 times
  • The average score is 16 of 24
Answer Stats
Picture Answer % Correct
Vietnam Special
96%
Botswana Special
90%
India Special
89%
Polar Special
88%
Africa Special
85%
USA Special
85%
Bolivia Special
82%
Middle East Special
81%
Burma Special
77%
Patagonia Special
76%
Survival of the fattest
71%
Seamen
68%
The Beach Boys
68%
A Massive Hunt
64%
A Scandi Flick
64%
Feed the World
62%
Winter Olympics Special
62%
Colombia Special
56%
Lochdown
51%
One for the Road...
51%
Sand Job
49%
Carnage A Trois
39%
Eurocrash
39%
International Buffoons' Vacation
29%
No matching quizzes found
Score Distribution
Percent of People with Each Score
Percentile by Number Answered
Your Score History
You have not taken this quiz